Dictionnaire de droit

Guardat en:
Dades bibliogràfiques
Autor principal: Corniot, S (Autor)
Format: Llibre
Idioma:francès
Publicat: París Dalloz 1966
Edició:2a. ed
Matèries:
Etiquetes: Afegir etiqueta
Sense etiquetes, Sigues el primer a etiquetar aquest registre!

MARC

LEADER 00000nam a2200000 a 4500
001 UCT6919
003 CL-VaPUC
008 970113e19660000FR |||||||||||||||||fre|d
082 0 4 |a 340.03  |b COR  |2 21 
100 0 |a Corniot, S  |e author  |9 377321 
245 1 0 |a Dictionnaire de droit 
250 |a 2a. ed 
300 |a 2 v 
942 |c BK 
945 |d 19970113 00:00:00  |a paguirre 
260 |a París  |b Dalloz  |c 1966 
500 |a v.1: A - Ivresse publique 
500 |a v.2: Jardins familiaux - Zone protégée 
650 0 |a Diccionarios  |9 256200 
650 7 |a TERMINOLOGIA  |2 CL-VaPUC  |9 254881 
650 7 |a DERECHO  |2 CL-VaPUC  |9 377322 
650 7 |a LEGISLACION  |2 CL-VaPUC  |9 377323 
650 7 |a CONCEPTOS DEL DERECHO  |2 CL-VaPUC  |9 377324 
583 |a last modification  |c 19970113 00:00:00  |k Rodrigo Vera 
999 |c 255588  |d 255586 
952 |0 0  |1 0  |4 0  |6 340_030000000000000_COR_1966  |7 0  |8 F  |9 277895  |a BIBDER  |b BIBDER  |d 2019-11-19  |h v.1  |i 180426K  |l 1  |o 340.03 COR 1966  |p 180426K  |r 2024-11-08  |s 2024-11-08  |w 2019-11-19  |y BK_F  |k DER 
952 |0 0  |1 0  |4 0  |6 340_030000000000000_COR_1966  |7 0  |8 F  |9 277896  |a BIBDER  |b BIBDER  |d 2019-11-19  |h v.2  |i 1804278  |o 340.03 COR 1966  |p 1804278  |r 2023-01-25  |w 2019-11-19  |y BK_F  |k DER